Pokémon - Les attaques de Flâmigator - Statistiques

Statistiques générales
  • Ce quiz a été pris 23 fois
  • Le résultat moyen est 13 sur 19
Statistiques - réponses
Niveaux Types Noms des attaques % Correct
Départ Normal Charge
94%
Départ Feu Flammèche
94%
Niveau 15 Ténèbres Morsure
94%
Niveau 38 Spectre Ball'Ombre
88%
Niveau 17 Feu Calcination
88%
Départ Évolution Feu Chant Flamboyant
88%
Niveau 47 Feu Feu Follet
88%
Niveau 32 Feu Lance-Flammes
81%
Départ Normal Groz'Yeux
75%
Niveau 10 Normal Chant Canon
69%
Niveau 47 Spectre Châtiment
69%
Niveau 58 Feu Déflagration
69%
Niveau 7 Spectre Léchouille
69%
Niveau 42 Normal Mégaphone
69%
Niveau 64 Feu Surchauffe
56%
Niveau 12 Normal Grimace
44%
Niveau 24 Ténèbres Aboiement
31%
Niveau 28 Normal Hurlement
25%
Départ Normal Berceuse
13%
Aucun quiz correspondant
Distribution des résultats
% des personnes avec chaque résultat
Percentile par nombre de réponses
Votre historique - résultats
Vous n’avez pas pris ce quiz